LEADER 00996nam a2200277 i 4500 001 991002882799707536 005 20021022143713.0 008 960610s1962 fr ||| | fre 035 $ab11722800-39ule_inst 035 $aLE021FD222123$9ExL 040 $aDip. SSSC$bita 100 1 $aAntoine, André-Paul$0529304 245 10$aAntoine, per et fils :$bsouvenirs du Paris littéraire et théatral :$b1900-1939 /$cAndré-Paul Antoine 260 $aParis :$bRene Julliard,$c1962 300 $a299 p. ;$c20 cm. 600 14$aAntoine, André Leonard 650 4$aRealismo 650 4$aRegia teatrale 650 4$aTeatro naturalista 650 4$aTeatro realistico 907 $a.b11722800$b02-04-14$c24-10-02 912 $a991002882799707536 945 $aLE021FD TF10bisA22$g1$iLE021FD-3436$lle023$nFondo D'Amico$o-$pE0.00$q-$rn$so $t0$u0$v0$w0$x0$y.i11962860$z24-10-02 996 $aAntoine, per et fils$9903819 997 $aUNISALENTO 998 $ale021$b10-06-96$cm$da $e-$ffre$gfr $h0$i1 LEADER 02065nam 22005653 450 001 9911007110703321 005 20241007163914.0 010 $a9781839169106 010 $a1839169109 010 $a9781839163197 010 $a1839163194 010 $a9781523141364 010 $a1523141360 035 $a(CKB)5680000000026521 035 $a(NjHacI)995680000000026521 035 $a(MiAaPQ)EBC7425110 035 $a(Au-PeEL)EBL7425110 035 $a(MiAaPQ)EBC31227370 035 $a(Au-PeEL)EBL31227370 035 $a(Perlego)2194885 035 $a(EXLCZ)995680000000026521 100 $a20241007d2021 uy 0 101 0 $aeng 135 $aur||||||||||| 181 $ctxt$2rdacontent 182 $cc$2rdamedia 183 $acr$2rdacarrier 200 10$aAdhesion Science /$fJohn Comyn 205 $aSecond edition. 210 1$aLondon, England :$cRoyal Society of Chemistry,$d[2021] 210 4$d©2021 215 $a1 online resource (251 pages) 311 08$a9781788018883 311 08$a1788018885 320 $aIncludes bibliographical references and index. 327 $aIntroduction to adhesion and adhesives -- Surface treatment for adhesion, and for abhesion -- Primers and coupling agents -- Chemistry of adhesives that harden by chemical reaction -- Chemistry of adhesives that harden without chemical reaction -- Pressure-sensitive adhesives -- Surface analysis -- Contact angles in the study of adhesion -- Testing of adhesive joints -- Adhesive joints and the environment -- Bioadhesion. 330 $aThis book is a comprehensive introduction to the chemistry of adhesives ideal not only for chemists, but any students with a background in physical or materials science. 606 $aAdhesion 606 $aAdhesives 615 0$aAdhesion. 615 0$aAdhesives. 676 $a530.417 700 $aComyn$b John$01824080 801 0$bMiAaPQ 801 1$bMiAaPQ 801 2$bMiAaPQ 906 $aBOOK 912 $a9911007110703321 996 $aAdhesion Science$94391115 997 $aUNINA LEADER 01741oas 2200661 a 450 001 9910139221203321 005 20251008213014.0 035 $a(OCoLC)60622550 035 $a(CONSER) 2012236805 035 $a(CKB)960238801433 035 $a(EXLCZ)99960238801433 100 $a20050614a19749999 sy 101 0 $aeng 135 $aurun||||||||| 181 $ctxt$2rdacontent 182 $cc$2rdamedia 183 $acr$2rdacarrier 200 00$aJournal of instructional psychology 210 $a[Milwaukee, Wis.] $c[V-U Pub. Co.] 215 $a1 online resource (volumes) 300 $aRefereed/Peer-reviewed 311 08$a0094-1956 606 $aEducational psychology$vPeriodicals 606 $aPsychope?dagogie$vPe?riodiques 606 $aEducational Technology$2ebps 606 $aEducational Psychology$2ebps$3(uri) http://id.worldcat.org/fast/fst00903571 606 $aEducational psychology$2fast$3(OCoLC)fst00903571 608 $aPeriodicals.$2fast 615 0$aEducational psychology 615 6$aPsychope?dagogie 615 7$aEducational Technology. 615 7$aEducational Psychology. 615 7$aEducational psychology. 676 $a370.15/05 801 0$bOCLCS 801 1$bOCLCS 801 2$bOCLCE 801 2$bOCLCQ 801 2$bNOC 801 2$bOCLCO 801 2$bOCLCQ 801 2$bOCLCF 801 2$bOCLCO 801 2$bOCLCQ 801 2$bWT2 801 2$bOCLCQ 801 2$bTOF 801 2$bWYU 801 2$bVT2 801 2$bOCLCQ 801 2$bLDP 801 2$bOCLCO 801 2$bOCLCQ 801 2$bCUS 906 $aJOURNAL 912 $a9910139221203321 996 $aJournal of instructional psychology$91968266 997 $aUNINA